[Event "ch-FRA Blitz Online Qual"]
[Site "Europe-Chess INT"]
[Date "2020.05.16"]
[Round "7"]
[White "Lavanant, Alexandre"]
[Black "Coelho, Laurent"]
[Result "1-0"]
[WhiteElo "1937"]
[BlackElo "1617"]
[WhiteFideId "654949"]
[BlackFideId "45104840"]
[EventDate "2020.05.16"]

1. d4 d6 2. e4 Nf6 3. Nc3 g6 4. Bd3 Bg7 5. Be3 Nbd7 6. Qd2 h6 7. h3 c5 8. Nf3
cxd4 9. Nxd4 a6 10. O-O Nc5 11. f3 b5 12. a3 Bb7 13. Nde2 Rc8 14. Rad1 Nxd3 15.
cxd3 Qc7 16. f4 O-O 17. f5 Kh7 18. Qe1 d5 19. Bf4 Qb6+ 20. Kh1 d4 21. Nb1 g5 22.
Bd2 Rfd8 23. Qg3 Rc2 24. Ng1 Qd6 25. e5 Nh5 26. Qg4 Qd5 27. Nf3 Nf4 28. Bxf4
gxf4 29. Qxf4 Rg8 30. Rd2 Rxd2 31. Nbxd2 f6 32. e6 h5 33. Ne4 Bh6 34. Qh4 Qa2
35. Qxh5 Qxb2 36. Qf7+ Kh8 37. Rg1 Qe2 38. Qh5 Kh7 39. Kh2 Bxe4 40. dxe4 Rg7 41.
Qh4 Qb2 42. Qe1 Qxa3 43. Qd1 Qa2 44. Nxd4 Bf4+ 45. Kh1 Qf2 46. Nf3 Qg3 47. Qe2
Rg5 48. Qe1 1-0

[Event "ch-FRA Blitz Online Qual"]
[Site "Europe-Chess INT"]
[Date "2020.05.16"]
[Round "7"]
[White "Macqueron, Gregory"]
[Black "Menoux, Joachim"]
[Result "1-0"]
[WhiteElo "1927"]
[BlackElo "1627"]
[WhiteFideId "551004240"]
[BlackFideId "36066206"]
[EventDate "2020.05.16"]

1. e4 e6 2. Nf3 d5 3. e5 c5 4. b4 cxb4 5. d4 Ne7 6. a3 bxa3 7. c3 Nf5 8. Bd3 a2
9. Rxa2 Nc6 10. O-O Be7 11. Na3 O-O 12. g4 Nh6 13. Qc2 Nxg4 14. Bxh7+ Kh8 15.
Kh1 Bh4 16. Nb5 Nxf2+ 17. Rxf2 Bxf2 18. Qxf2 Kxh7 19. Ng5+ Kg8 20. Qh4 Re8 21.
Nd6 Kf8 22. Rf2 f6 23. Qh8+ Ke7 24. Qxg7# 1-0

[Event "ch-FRA Blitz Online Qual"]
[Site "Europe-Chess INT"]
[Date "2020.05.16"]
[Round "7"]
[White "Ciarletta, Ulysse"]
[Black "Benayoun, Omri"]
[Result "1-0"]
[WhiteElo "1599"]
[BlackElo "1901"]
[WhiteFideId "45133000"]
[BlackFideId "45113807"]
[EventDate "2020.05.16"]

1. d4 d5 2. c4 Nc6 3. cxd5 Qxd5 4. Nf3 e5 5. Nc3 Bb4 6. dxe5 Qxd1+ 7. Kxd1 Bg4
8. Nd5 O-O-O 9. e4 Nxe5 10. Ke2 Bc5 11. Bf4 Bd6 12. Bxe5 Bxe5 13. Rc1 c6 14. b3
Kb8 15. Ne3 Bh5 16. g4 Bg6 17. Nf5 Nf6 18. Nxe5 Nxe4 19. Bg2 Nf6 20. Nxg6 fxg6
21. Ne3 Rhe8 22. h3 Rd6 23. Rcd1 Rde6 24. Rhe1 h5 25. g5 Ne4 26. Bxe4 Rxe4 27.
Kf3 Rh4 28. Kg3 Rhe4 29. Nc2 1-0

[Event "ch-FRA Blitz Online Qual"]
[Site "Europe-Chess INT"]
[Date "2020.05.16"]
[Round "7"]
[White "Goulesque, Camille"]
[Black "Duprey, Francois-xavier"]
[Result "1-0"]
[WhiteElo "1899"]
[BlackElo "1613"]
[WhiteFideId "26086140"]
[BlackFideId "20612516"]
[EventDate "2020.05.16"]

1. d4 Nf6 2. c4 g6 3. Nc3 Bg7 4. Nf3 d6 5. g3 O-O 6. Bg2 Nc6 7. O-O Bg4 8. h3
Bd7 9. d5 Nb4 10. a3 Na6 11. e4 c6 12. Re1 Qc8 13. Kh2 Rb8 14. Be3 h6 15. Bxa7
Ra8 16. Bd4 cxd5 17. cxd5 Nc5 18. b4 Na6 19. Rc1 Qd8 20. e5 dxe5 21. Nxe5 Ne8
22. Ne4 Nd6 23. Nc5 Nxc5 24. bxc5 Nf5 25. Bb2 Ba4 26. Qd2 Rc8 27. Qb4 Bd7 28.
Nxd7 Qxd7 29. Bxg7 Kxg7 30. c6 bxc6 31. dxc6 Qc7 32. Qb7 e6 33. Red1 h5 34. Rd7
Qxb7 35. Rxb7 h4 36. c7 hxg3+ 37. fxg3 Ne3 38. Bc6 f5 39. Bd7 Ra8 40. c8=Q Raxc8
41. Bxc8+ Kf6 42. Re1 Nd5 43. Rxe6+ Kg5 44. h4+ Kh6 45. Rc6 Ne3 46. Rcc7 Ng4+
47. Kg2 Nf6 48. Rf7 Rxf7 49. Rxf7 Ne4 50. a4 Nd6 51. Rc7 Ne4 52. a5 1-0

[Event "ch-FRA Blitz Online Qual"]
[Site "Europe-Chess INT"]
[Date "2020.05.16"]
[Round "7"]
[White "Delin, Valere"]
[Black "Hucault, Christophe"]
[Result "1-0"]
[WhiteElo "2043"]
[BlackElo "1612"]
[WhiteFideId "45107254"]
[BlackFideId "26057336"]
[EventDate "2020.05.16"]

1. e4 c5 2. Nf3 e6 3. d4 cxd4 4. Nxd4 Nf6 5. Nc3 Nc6 6. Nxc6 bxc6 7. Bd3 e5 8.
O-O Qb6 9. Kh1 Bc5 10. f4 d6 11. fxe5 dxe5 12. Na4 Qa5 13. Nxc5 Qxc5 14. Qe1 h6
15. Qg3 Be6 16. Qxg7 Ke7 17. Qxf6+ 1-0

[Event "ch-FRA Blitz Online Qual"]
[Site "Europe-Chess INT"]
[Date "2020.05.16"]
[Round "7"]
[White "Bernard, Louis"]
[Black "Tuillier, Valentin"]
[Result "1-0"]
[WhiteElo "1993"]
[BlackElo "1607"]
[WhiteFideId "36075191"]
[BlackFideId "36020800"]
[EventDate "2020.05.16"]

1. e4 c5 2. Nf3 Nc6 3. Bb5 g6 4. O-O Bg7 5. c3 e6 6. Bxc6 dxc6 7. Re1 Ne7 8. d4
cxd4 9. cxd4 O-O 10. Bg5 Qd7 11. Nc3 b6 12. Qd2 Bb7 13. Rad1 Rad8 14. Bh6 Qc7
15. Bxg7 Kxg7 16. Qg5 c5 17. dxc5 Rxd1 18. Rxd1 bxc5 19. Nb5 Qb6 20. Nd6 Nc6 21.
e5 Qd8 22. Qf6+ Kg8 23. Qf4 Qe7 24. Qh6 f6 25. exf6 Qxf6 26. Nxb7 Rf7 27. Nd6
Rd7 28. Qc1 Nd4 29. Nxd4 cxd4 30. Qc8+ Rd8 31. Qc6 e5 32. Qd5+ Kf8 33. Ne4 Qe7
34. Qc6 Kg7 35. Qc4 Qe8 36. Nc5 Rc8 37. Ne6+ Kf7 38. Qd5 Qxe6 39. Qb7+ Kf6 40.
Qf3+ Ke7 41. Re1 Rc2 42. Qe4 Rxb2 43. Qh4+ Kd6 44. Qxh7 Rxa2 45. Qb7 Qd5 46.
Qb8+ Kc6 47. Rc1+ Kd7 48. Qc8+ Ke7 49. Rc7+ Kf6 50. Qf8+ Kg5 51. Qe7+ Kf4 52.
Qf6+ Ke4 53. Qf3# 1-0

[Event "ch-FRA Blitz Online Qual"]
[Site "Europe-Chess INT"]
[Date "2020.05.16"]
[Round "7"]
[White "Stoll, Lucia"]
[Black "Buttard, Axel"]
[Result "0-1"]
[WhiteElo "1561"]
[BlackElo "1883"]
[WhiteFideId "45133301"]
[BlackFideId "36052523"]
[EventDate "2020.05.16"]

1. e4 e5 2. Nf3 Nc6 3. d4 exd4 4. Nxd4 Nf6 5. Nxc6 bxc6 6. Bd3 d5 7. e5 Qe7 8.
O-O Nd7 9. Bf4 g6 10. Re1 Nc5 11. Bg3 Bg7 12. Nc3 Rb8 13. b3 O-O 14. f4 Ne6 15.
Qf3 Qc5+ 16. Bf2 Qxc3 17. f5 Nd4 18. Bxd4 Qxd4+ 19. Kh1 Bxe5 20. fxg6 fxg6 21.
Qe2 Bd6 22. Rad1 Qf4 23. g3 Qf3+ 24. Qxf3 Rxf3 25. Re8+ Rf8 26. Re6 Bxe6 27. Re1
Bf5 28. Bxf5 Rxf5 29. Re6 Kf7 30. Re2 Re8 31. Rd2 Bc5 32. Kg2 Rfe5 33. a3 Re2+
34. Rxe2 Rxe2+ 35. Kf3 Rxc2 36. Kg4 Rc3 37. b4 Bd4 38. h4 Rxa3 39. b5 cxb5 40.
h5 gxh5+ 41. Kh4 Bf6+ 42. Kxh5 Rxg3 43. Kh6 Rh3# 0-1

[Event "ch-FRA Blitz Online Qual"]
[Site "Europe-Chess INT"]
[Date "2020.05.16"]
[Round "7"]
[White "Fretel, Liza"]
[Black "Bui, Christopher"]
[Result "1-0"]
[WhiteElo "1934"]
[BlackElo "1849"]
[WhiteFideId "26045460"]
[BlackFideId "45107998"]
[EventDate "2020.05.16"]

1. e4 c5 2. Nc3 a6 3. g3 b5 4. Bg2 Bb7 5. f4 e6 6. d3 Nf6 7. h3 d5 8. e5 Nfd7 9.
Nf3 Be7 10. O-O Nc6 11. Ne2 h5 12. c3 Qc7 13. a4 b4 14. Be3 O-O-O 15. Rc1 a5 16.
cxb4 cxb4 17. Ned4 Rdg8 18. Qc2 Qb6 19. Nxc6 Qxe3+ 20. Kh2 Bc5 21. Nxa5 g5 22.
Rfe1 gxf4 23. Rxe3 fxe3 24. d4 1-0

[Event "ch-FRA Blitz Online Qual"]
[Site "Europe-Chess INT"]
[Date "2020.05.16"]
[Round "7"]
[White "Ben Mohamed, Kader"]
[Black "Evrin, Selvam"]
[Result "0-1"]
[WhiteElo "1591"]
[BlackElo "1882"]
[WhiteFideId "45118523"]
[BlackFideId "36094404"]
[EventDate "2020.05.16"]

1. f4 c5 2. Nf3 Nc6 3. e3 d5 4. Bb5 Bd7 5. b3 Nf6 6. Bb2 a6 7. Bxc6 Bxc6 8. O-O
e6 9. d3 Be7 10. Ne5 O-O 11. Qe1 d4 12. exd4 cxd4 13. Nxc6 bxc6 14. Nd2 c5 15.
Qg3 Nd5 16. Nc4 Bf6 17. a4 Re8 18. Rae1 Nb6 19. f5 Nxc4 20. dxc4 e5 21. Bc1 e4
22. Rd1 Qb6 23. Rfe1 Rad8 24. Qg4 e3 25. Re2 Qb7 26. Rde1 Qb8 27. h4 Qe5 28. h5
Qe4 29. Qf3 Re5 30. g4 Qxf3 0-1

[Event "ch-FRA Blitz Online Qual"]
[Site "Europe-Chess INT"]
[Date "2020.05.16"]
[Round "7"]
[White "Vasselin, Louis"]
[Black "Ludwiczak, Virginie"]
[Result "1/2-1/2"]
[WhiteElo "1590"]
[BlackElo "1875"]
[WhiteFideId "36070238"]
[BlackFideId "20655592"]
[EventDate "2020.05.16"]

1. d4 Nf6 2. Bf4 d6 3. e3 Nbd7 4. Nf3 g6 5. c3 Bg7 6. Nbd2 O-O 7. Be2 Re8 8. O-O
b6 9. Qc2 Bb7 10. Bg3 Rc8 11. b4 c5 12. bxc5 dxc5 13. Qb2 Ne4 14. Nxe4 Bxe4 15.
Rfc1 Nf6 16. Be5 Qd7 17. Bb5 Bc6 18. Bxc6 Qxc6 19. a4 Nd7 20. Bxg7 Kxg7 21. h3
f6 22. Qb3 c4 23. Qb4 Qd6 24. Qxd6 exd6 25. a5 b5 26. Rcb1 a6 27. Nd2 f5 28. Kf1
Kf6 29. Ke2 g5 30. Kf3 Nb8 31. Re1 d5 32. g4 Nc6 33. gxf5 Kxf5 34. e4+ Kf6 35.
e5+ Kf5 36. Rg1 b4 37. Ke3 bxc3 38. Nf3 h6 39. h4 g4 40. Ne1 h5 41. f3 Nb4 42.
fxg4+ hxg4 43. Ke2 Re6 44. Ng2 c2 45. Rac1 Nc6 46. Ne3+ Kg6 47. Nxc2 Kh5 48. Rg2
Kxh4 49. Rh1+ Kg5 50. Rhg1 Kg6 51. Rxg4+ Kf7 52. Rg7+ Ke8 53. Rg8+ Kd7 54. R1g7+
Re7 55. Rxe7+ Nxe7 56. Rg7 Rb8 57. Kd2 Rb3 58. Rh7 Rd3+ 59. Kc1 Rf3 60. Rh6 Nc6
61. Kb2 Rf2 62. Kc3 Rf3+ 63. Kb2 Rf2 64. Rh7+ Ke6 65. Rh6+ Kd7 1/2-1/2

[Event "ch-FRA Blitz Online Qual"]
[Site "Europe-Chess INT"]
[Date "2020.05.16"]
[Round "7"]
[White "Dimey-Gabert, Quentin"]
[Black "Auder, Benjamin"]
[Result "0-1"]
[WhiteElo "1758"]
[BlackElo "1934"]
[WhiteFideId "36090085"]
[BlackFideId "635065"]
[EventDate "2020.05.16"]

1. d4 Nc6 2. c4 e5 3. dxe5 Nxe5 4. b3 Bb4+ 5. Bd2 Bxd2+ 6. Qxd2 Nf6 7. Nc3 O-O
8. Nf3 Nxf3+ 9. exf3 Re8+ 10. Be2 d6 11. O-O Bf5 12. Bd3 Qd7 13. Rfe1 h6 14. Qc2
Bxd3 15. Qxd3 Re6 16. Ne4 Rae8 17. Rad1 Qe7 18. Qd4 Nxe4 19. fxe4 Rxe4 20. Rxe4
Qxe4 21. Qxe4 Rxe4 22. f3 Re2 23. a4 Rb2 24. Rd3 Kf8 25. Re3 f6 26. h4 Kf7 27.
Kh2 g6 28. Kh3 h5 29. g4 f5 30. gxh5 gxh5 31. Kg3 Kf6 32. Kf4 Rb1 33. Kg3 Rg1+
34. Kh2 Rg7 35. Re8 f4 36. Rf8+ Ke5 37. Rh8 Kd4 38. Rxh5 Kc3 39. c5 Kxb3 40.
cxd6 cxd6 41. Rd5 Kxa4 42. Rxd6 b5 43. Rd4+ b4 44. Rxf4 Ka3 45. h5 b3 46. Kh3 a5
47. Rf8 b2 48. Rb8 a4 49. Kh4 Ka2 50. h6 Rc7 51. Kg5 b1=Q 0-1

[Event "ch-FRA Blitz Online Qual"]
[Site "Europe-Chess INT"]
[Date "2020.05.16"]
[Round "7"]
[White "Bakouri, Abdelmajid"]
[Black "Vie, Maxence"]
[Result "1-0"]
[WhiteElo "1871"]
[BlackElo "1648"]
[WhiteFideId "7901682"]
[BlackFideId "45150168"]
[EventDate "2020.05.16"]

1. e4 c5 2. Nf3 Nc6 3. Bc4 g6 4. O-O Bg7 5. c3 a6 6. d4 b5 7. Bd3 cxd4 8. Re1
Nf6 9. e5 Nd5 10. cxd4 O-O 11. Nc3 Nc7 12. d5 Nb4 13. Bb1 Bb7 14. d6 Ne6 15. a3
Nc6 16. Nd5 exd6 17. exd6 Re8 18. Ba2 Kh8 19. h4 Na5 20. Ng5 Nc4 21. Nxf7+ 1-0

[Event "ch-FRA Blitz Online Qual"]
[Site "Europe-Chess INT"]
[Date "2020.05.16"]
[Round "7"]
[White "Afraoui, Solenn"]
[Black "Sithisak, William"]
[Result "1-0"]
[WhiteElo "1889"]
[BlackElo "1692"]
[WhiteFideId "625167"]
[BlackFideId "45120749"]
[EventDate "2020.05.16"]

1. e4 c5 2. Nf3 Nc6 3. d4 cxd4 4. Nxd4 g6 5. g3 Bg7 6. Ne2 Nf6 7. Nbc3 d6 8. Bg2
O-O 9. O-O Bd7 10. h3 Qc8 11. Kh2 a6 12. a4 Ne5 13. f4 Nc4 14. b3 Na5 15. Bb2
Ne8 16. Nd5 Qd8 17. Bxg7 Kxg7 18. Qd4+ f6 19. Qd2 Nc6 20. c4 Nc7 21. Nec3 Nxd5
22. Nxd5 a5 23. Rad1 Be6 24. Nc3 Nb4 25. Qe3 b6 26. e5 Rb8 27. exd6 Nc2 28. Qxe6
exd6 29. Rxd6 Qe8 30. Qxe8 Rbxe8 31. Rxb6 Re3 32. Rb7+ Kg8 33. Rd1 Rxc3 34. Rdd7
Rc8 35. Rg7+ Kf8 36. Rxh7 Kg8 37. Bd5+ Kf8 38. Rh8# 1-0

[Event "ch-FRA Blitz Online Qual"]
[Site "Europe-Chess INT"]
[Date "2020.05.16"]
[Round "7"]
[White "Robine, Guillaume"]
[Black "Naillou, Thomas"]
[Result "0-1"]
[WhiteElo "1571"]
[BlackElo "2072"]
[WhiteFideId "45127352"]
[BlackFideId "36009741"]
[EventDate "2020.05.16"]

1. e4 d5 2. exd5 Nf6 3. d4 Bg4 4. f3 Bf5 5. g4 Bg6 6. c4 e6 7. Nc3 exd5 8. cxd5
Nxd5 9. Nxd5 Qxd5 10. Be3 Nc6 11. Bg2 Bb4+ 12. Kf2 O-O 13. Ne2 Rfe8 14. Nf4 Qd6
15. Nxg6 hxg6 16. Qd3 Rad8 17. Rad1 Ba5 18. h4 Bb6 19. h5 gxh5 20. Rxh5 g6 21.
Rdh1 gxh5 22. Rxh5 Kf8 23. Rh8+ Ke7 24. Bg5+ Kd7 25. Qf5+ Qe6 26. Rxe8 Rxe8 27.
f4 Nxd4 28. Bxb7 Nxf5+ 0-1

[Event "ch-FRA Blitz Online Qual"]
[Site "Europe-Chess INT"]
[Date "2020.05.16"]
[Round "7"]
[White "Fondrat, Johan"]
[Black "Martinez, Felicien"]
[Result "1-0"]
[WhiteElo "1509"]
[BlackElo "1867"]
[WhiteFideId "45156069"]
[BlackFideId "45141207"]
[EventDate "2020.05.16"]

1. e4 e6 2. d3 d5 3. Nd2 Nc6 4. Ngf3 Nf6 5. g3 dxe4 6. dxe4 e5 7. Bg2 Bc5 8. O-O
O-O 9. Qe2 Qe7 10. a3 a5 11. b3 Bg4 12. Bb2 Nd4 13. Qd3 Nxf3+ 14. Nxf3 Rfd8 15.
Qe2 c6 16. Rfd1 b5 17. h3 Bxf3 18. Bxf3 Bb6 19. Qe1 h5 20. Qc3 Bd4 21. Rxd4 exd4
22. Qxc6 Rac8 23. Qxb5 Rxc2 24. Rb1 Nxe4 25. Qd3 Rxb2 26. Rxb2 Ng5 27. Bxh5 Qxa3
28. Re2 Nxh3+ 29. Kg2 Ng5 30. f4 Ne6 31. Bxf7+ Kxf7 32. Qf5+ Kg8 33. Qxe6+ Kh8
34. Kf3 g5 35. Rh2+ Kg7 36. Qe5+ Kf7 37. Rh7+ Kg6 38. Rg7+ Kh5 39. Qxg5# 1-0

[Event "ch-FRA Blitz Online Qual"]
[Site "Europe-Chess INT"]
[Date "2020.05.16"]
[Round "7"]
[White "Gandreuil, Brice"]
[Black "Lebrun, Elias"]
[Result "0-1"]
[WhiteElo "1500"]
[BlackElo "1880"]
[WhiteFideId "36078425"]
[BlackFideId "26073110"]
[EventDate "2020.05.16"]

1. e4 c5 2. Nc3 Nc6 3. g3 e6 4. Bg2 Nf6 5. d3 d5 6. f4 d4 7. Nce2 e5 8. f5 Be7
9. h3 a6 10. Nf3 Qc7 11. O-O b5 12. Bd2 c4 13. Rc1 Bb7 14. g4 h6 15. Ng3 Rc8 16.
Qe1 Bd6 17. a3 a5 18. Nh2 b4 19. axb4 axb4 20. h4 c3 21. bxc3 bxc3 22. Bxc3 dxc3
23. g5 Nd7 24. Nh5 Bf8 25. Bh3 hxg5 26. Bg4 Nd4 27. hxg5 Qc5 28. Kh1 Bc6 29. f6
g6 30. Ng7+ Bxg7 31. fxg7 Rg8 32. Bxd7+ Bxd7 33. Ng4 Rxg7 34. Nf6+ Kd8 35. Qh4
Kc7 36. Nd5+ Kd6 37. Rf6+ Ne6 38. Qh6 Rcg8 39. Rb1 Bc6 40. Ne7 Kxe7 41. Qh2 Qd6
42. Rb6 Qc7 43. Qf2 Qc8 44. Rb1 Rh8+ 45. Kg1 Nf4 46. Qc5+ Ke8 47. Rb6 Qg4+ 48.
Kf1 Qf3+ 49. Qf2 Rh1# 0-1

[Event "ch-FRA Blitz Online Qual"]
[Site "Europe-Chess INT"]
[Date "2020.05.16"]
[Round "7"]
[White "Leccia, Antoine"]
[Black "Auribault, Louis"]
[Result "1-0"]
[WhiteElo "1950"]
[BlackElo "1618"]
[WhiteFideId "36087262"]
[BlackFideId "45196591"]
[EventDate "2020.05.16"]

1. d4 Nf6 2. Nf3 g6 3. g3 Bg7 4. Bg2 O-O 5. O-O d6 6. a4 c5 7. Nc3 e6 8. a5 Nc6
9. a6 cxd4 10. Nxd4 Nxd4 11. Qxd4 Nd5 12. Qd3 Nb4 13. Qd1 d5 14. axb7 Bxb7 15.
Na4 Nc6 16. Nc5 Bc8 17. c4 Qd6 18. cxd5 Rd8 19. Be3 exd5 20. Qc2 Bf5 21. Nd3 Nb4
22. Qd2 Nxd3 23. exd3 Rab8 24. Bf4 Rxb2 25. Qe3 Qe6 26. Qxa7 Bxd3 27. Rfe1 Qd7
28. Qxd7 Rxd7 29. Ra8+ Bf8 30. Bh6 1-0

[Event "ch-FRA Blitz Online Qual"]
[Site "Europe-Chess INT"]
[Date "2020.05.16"]
[Round "7"]
[White "Ogier, Arnaud"]
[Black "Vallee, Louis"]
[Result "0-1"]
[WhiteElo "1569"]
[BlackElo "1864"]
[WhiteFideId "45196494"]
[BlackFideId "45103291"]
[EventDate "2020.05.16"]

1. e4 e5 2. Nf3 Nc6 3. d4 exd4 4. Bc4 Nf6 5. O-O Nxe4 6. Re1 d5 7. Bxd5 Qxd5 8.
Nc3 Qh5 9. Nxe4 Be6 10. Neg5 O-O-O 11. Nxe6 fxe6 12. Rxe6 Bd6 13. Bg5 Bxh2+ 14.
Kf1 Rdf8 15. Qd2 Rxf3 16. gxf3 Qh3+ 17. Ke2 Qxe6+ 18. Kf1 Qh3+ 19. Ke2 Re8+ 20.
Kd3 Qf5+ 21. Kc4 b5+ 22. Kb3 Qd5+ 23. Ka3 Bd6+ 24. b4 Bxb4+ 0-1

[Event "ch-FRA Blitz Online Qual"]
[Site "Europe-Chess INT"]
[Date "2020.05.16"]
[Round "7"]
[White "Azymah, Remy"]
[Black "Spano, Remy"]
[Result "1-0"]
[WhiteElo "1934"]
[BlackElo "1662"]
[WhiteFideId "26014300"]
[BlackFideId "26092948"]
[EventDate "2020.05.16"]

1. e4 e6 2. d4 d5 3. Nc3 Bb4 4. e5 c5 5. a3 Bxc3+ 6. bxc3 Ne7 7. Qg4 Qc7 8. Bd3
cxd4 9. Ne2 dxc3 10. Qxg7 Rg8 11. Qf6 Nbc6 12. Bxh7 Rf8 13. Bh6 Nxe5 14. Bxf8
Kxf8 15. Qh8+ Ng8 16. Qxg8+ Ke7 17. Qg5+ Kd7 18. O-O b6 19. Rfe1 Bb7 20. Nd4 Nc6
21. Qf6 Nxd4 22. Qxd4 Rf8 23. Re3 Qc6 24. Rxc3 Qd6 25. Re1 Qb8 26. Qf6 Qe8 27.
Qd4 Rh8 28. Bd3 Qb8 29. h3 Rg8 30. Bf1 Qd8 31. Qe5 Qe7 32. Rc7+ Ke8 33. Rxe7+
Kxe7 34. Qc7+ 1-0

[Event "ch-FRA Blitz Online Qual"]
[Site "Europe-Chess INT"]
[Date "2020.05.16"]
[Round "7"]
[White "Ragneau, Freddy"]
[Black "Desarmaux-Do, Yanis-Huy"]
[Result "0-1"]
[WhiteElo "1859"]
[BlackElo "1803"]
[WhiteFideId "36001228"]
[BlackFideId "45118299"]
[EventDate "2020.05.16"]

1. e4 c5 2. Nf3 Nc6 3. d4 cxd4 4. Nxd4 e5 5. Nb5 d6 6. N1c3 a6 7. Na3 b5 8. Nd5
Nge7 9. Bg5 Rb8 10. Bd3 Qd7 11. Ne3 h6 12. Bh4 Ng6 13. Bg3 Be7 14. Nd5 O-O 15.
O-O Bd8 16. c3 Nge7 17. Ne3 Bb6 18. Nac2 Bb7 19. Kh1 Ng6 20. Nd5 Ba7 21. Nce3
Nce7 22. Nxe7+ Nxe7 23. Bc2 Bxe3 24. fxe3 Rbd8 25. Qh5 Ng6 26. Rad1 Qc6 27. Rf2
d5 28. Rfd2 d4 29. exd4 exd4 30. cxd4 Rd7 31. d5 Qc5 32. Bb3 Rfd8 33. Bf2 Qf8
34. Bb6 Re8 35. Qf3 Ne5 36. Qe2 Nc4 37. Bxc4 bxc4 38. b3 cxb3 39. axb3 Rde7 40.
Rd4 Bxd5 41. Bc5 Bxe4 42. Bxe7 Rxe7 43. Rxe4 Rxe4 44. Qxe4 g6 45. Qe5 Qa3 46.
Qb8+ Kh7 47. Rg1 Qf8 48. h3 Qxb8 49. Ra1 Qxb3 50. Rxa6 Kg7 51. Ra7 Qd1+ 52. Kh2
Qd6+ 53. Kh1 Qd1+ 54. Kh2 Qd4 55. Ra6 Qf4+ 56. Kh1 Qf1+ 57. Kh2 Qxa6 0-1

[Event "ch-FRA Blitz Online Qual"]
[Site "Europe-Chess INT"]
[Date "2020.05.16"]
[Round "7"]
[White "Dore, Armand"]
[Black "Grulier, Ernest"]
[Result "1-0"]
[WhiteElo "1855"]
[BlackElo "1469"]
[WhiteFideId "680508"]
[BlackFideId "551048060"]
[EventDate "2020.05.16"]

1. Nf3 Nf6 2. c4 g6 3. g3 Bg7 4. Bg2 O-O 5. O-O d5 6. cxd5 Nxd5 7. e4 Nb6 8. d4
Bg4 9. d5 c6 10. dxc6 Nxc6 11. Nc3 Qxd1 12. Nxd1 Nc4 13. Rb1 Rad8 14. b3 Nd6 15.
Ne3 Bxf3 16. Bxf3 Nd4 17. Bg2 e6 18. Ba3 Rd7 19. Rfd1 Rfd8 20. Kf1 N6b5 21. Bb2
Nc6 22. Rxd7 Rxd7 23. Bxg7 Kxg7 24. Rc1 Na3 25. Nc4 Nxc4 26. Rxc4 Rd2 27. a4 Rb2
28. Rc3 Kf6 29. f4 Ke7 30. e5 Kd7 31. Rd3+ Kc7 32. Rc3 Kd7 33. h4 Rb1+ 34. Kf2
Rb2+ 35. Kf3 Nd4+ 36. Ke3 Rxg2 37. Kxd4 Rd2+ 38. Kc4 Rd5 39. b4 Kc6 40. b5+ Kb6
41. Kb4 Rd4+ 42. Rc4 Rxc4+ 43. Kxc4 Kc7 44. a5 b6 45. a6 Kd7 46. Kd4 Kc7 47. Ke4
Kd7 48. g4 Ke7 49. f5 Kd7 50. Kf4 Ke7 51. Kg5 exf5 52. gxf5 gxf5 53. Kxf5 h5 54.
Kg5 Ke6 55. Kxh5 Kxe5 56. Kg5 f6+ 57. Kg6 f5 58. h5 f4 59. h6 f3 60. h7 f2 61.
h8=Q+ Ke4 62. Qf8 Ke3 63. Qf5 Ke2 64. Kf6 f1=Q 65. Qxf1+ Kxf1 66. Ke6 Ke2 67.
Kd6 Kd3 68. Kc6 Kc4 69. Kb7 Kxb5 70. Kxa7 Kc6 71. Kb8 b5 72. a7 b4 73. a8=Q+ 1-0

[Event "ch-FRA Blitz Online Qual"]
[Site "Europe-Chess INT"]
[Date "2020.05.16"]
[Round "7"]
[White "Bellahcene, Meriem"]
[Black "Bag, Ayoub"]
[Result "0-1"]
[WhiteElo "1936"]
[BlackElo "1467"]
[WhiteFideId "20655347"]
[BlackFideId "551012308"]
[EventDate "2020.05.16"]

1. e4 e6 2. d4 d5 3. e5 c5 4. c3 Nc6 5. Nf3 Qb6 6. a3 c4 7. Be2 Bd7 8. O-O Na5
9. Nbd2 O-O-O 10. Rb1 Nb3 11. Nxb3 Ba4 12. Bg5 Bxb3 13. Qd2 Be7 14. Bxe7 Nxe7
15. Qg5 Ng6 16. Bd1 Bxd1 17. Rfxd1 a5 18. Nd2 a4 19. Qg4 Qc7 20. Re1 Rdg8 21.
Qd1 b5 22. Re3 h5 23. Rf3 Ne7 24. Rxf7 Qd8 25. Nf1 Qe8 26. Rf3 g5 27. Rf6 Kd7
28. Ne3 g4 29. Nc2 Nf5 30. Nb4 Rf8 31. Rxf8 Qxf8 32. Qd2 Qg7 33. Re1 h4 34. Qf4
g3 35. Nxd5 gxf2+ 36. Qxf2 h3 37. Nf6+ Ke7 38. g3 Nh4 39. Re3 Qg5 40. Kh1 Ng2
41. Rf3 Qc1+ 42. Qf1 Qxb2 43. Ne4 Ne1 44. Rf7+ Kd8 45. Rf2 Qc1 46. Nc5 Nd3 47.
Qxc1 Nxc1 48. Nxe6+ Ke7 49. Nc5 Nd3 50. Rf6 Nxc5 51. dxc5 Rd8 52. Kg1 Rd1+ 53.
Kf2 Rd2+ 54. Kf3 Rxh2 55. c6 Rc2 56. c7 Kd7 57. Rf7+ Kc8 58. e6 h2 59. Rh7 Rxc3+
60. Ke4 h1=Q+ 61. Rxh1 Kxc7 62. g4 Kd6 63. Rh6 Rg3 64. Kf5 Rg1 65. g5 c3 66. Rh7
c2 67. Rd7+ Kc6 68. Rd8 Rf1+ 69. Kg6 c1=Q 70. Rc8+ Kd6 71. Rxc1 Rxc1 72. e7 Kxe7
73. Kh7 Rg1 74. g6 Kf8 75. g7+ Rxg7+ 0-1

[Event "ch-FRA Blitz Online Qual"]
[Site "Europe-Chess INT"]
[Date "2020.05.16"]
[Round "7"]
[White "Morais, Thomas"]
[Black "Condat, Hugo"]
[Result "1-0"]
[WhiteElo "1710"]
[BlackElo "1961"]
[WhiteFideId "36034703"]
[BlackFideId "26027402"]
[EventDate "2020.05.16"]

1. e4 e6 2. d3 d5 3. Nd2 dxe4 4. dxe4 e5 5. Ngf3 Nc6 6. Bb5 Bd7 7. Bxc6 Bxc6 8.
Nxe5 Qd6 9. Nxc6 Qxc6 10. O-O O-O-O 11. Qf3 f6 12. Nb3 Ne7 13. Be3 Kb8 14. Nd4
Qa6 15. Rfd1 Re8 16. c4 Ng6 17. Rac1 Ne5 18. Qg3 g6 19. f4 Nxc4 20. f5 Bd6 21.
Bf4 g5 22. Bxd6 Nxd6 23. Ne6 Re7 24. e5 Nxf5 25. exf6 Qxe6 26. fxe7 Qxe7 27. Qd3
Nd6 28. Re1 Qd7 29. Qc3 Rc8 30. Red1 h6 31. b4 Qb5 32. Qc5 Qa6 33. a4 Qxa4 34.
Ra1 b6 35. Rxa4 bxc5 36. bxc5 Nb5 37. Rb1 c6 38. Re4 Rh8 39. Re6 Kb7 40. Re7+
Kb8 41. Re6 Kb7 42. Rf1 Nd4 43. Rf7+ Ka6 44. Ree7 Kb5 45. Rxa7 Kxc5 46. Rh7 Rf8
47. Rhf7 Re8 48. Rae7 Rb8 49. Re1 Rb2 50. Rff1 Kd5 51. Rd1 c5 52. Rf5+ Ke4 53.
Rxc5 Rb6 54. Rc8 Rf6 55. Re8+ Ne6 56. Re1+ Kd5 57. Rd1+ Ke5 58. Re1+ Kd5 59. Re7
Nf4 60. Rd7+ Kc6 61. Rd2 Kc5 62. Rc1+ Kb4 63. Rb2+ Ka3 64. Rb8 Ka2 65. Kh1 Nd3
66. Rcb1 Nb2 67. R1xb2+ Ka3 68. Rb1 Ka2 69. R8b2+ Ka3 70. Rb8 Ka2 71. Rg1 Rf2
72. g3 Re2 73. Rg2 Rxg2 74. Kxg2 1-0